Amigos en el Señor : estudio sobre la génesis de la Comunidad en la Compañía de Jesús desde la conversión de San Ignacio (1521) hasta la redacción de los primeros ensayos de constituciones, 1541 /

Guardado en:
Bibliografiske detaljer
Hovedforfatter: Osuna, Javier (autor)
Format: Bog
Sprog:spansk
Udgivet: Bogotá, Colombia : Centro Ignaciano de Reflexión y Ejercicios : Pax, 1975
Tags: Tilføj Tag
Ingen Tags, Vær først til at tagge denne postø!

MARC

LEADER 00000nam^a2200000^a^4500
001 000450544
005 20250521000000.0
009 20260310123751.233
037 |a Acervo Xavier Clavigero 
041 |a ESP 
091 |a FCA. 03406 
100 |a Osuna, Javier  |e (autor) 
245 1 0 |a Amigos en el Señor :  |b estudio sobre la génesis de la Comunidad en la Compañía de Jesús desde la conversión de San Ignacio (1521) hasta la redacción de los primeros ensayos de constituciones, 1541 / 
264 1 |a Bogotá, Colombia :  |b Centro Ignaciano de Reflexión y Ejercicios :  |b Pax,  |c 1975 
300 |a 255 p. 
336 |a texto  |b txt  |2 rdacontenido 
337 |a sin mediación  |b n  |2 rdamedio 
338 |a volumen  |b nc  |2 rdasoporte 
649 |a XX 
910 |a Fondo Xavier Cacho Vázquez S.J. 
920 |a Impresos - Libros 
930 |a Fondos Especiales 
940 |a Jesuitas 
905 |a 131 
901 |a 0500376879  |b IT2  |c ESP  |i D  |u 20250521 
902 |a https://opac.biblio.iteso.mx/vufind/Record/000450544